Hospodárska kríza a jej vplyv na vybrané odvetvia niektorej z krajín V4 a SR diplomová práca
Saved in:
| Main Author: | |
|---|---|
| Corporate Author: | |
| Other Authors: | |
| Format: | Book |
| Language: | Slovak |
| Published: |
Košice
2016
|
| Tags: |
No Tags, Be the first to tag this record!
|
MARC
| LEADER | 00000nbm a2200000 4500 | ||
|---|---|---|---|
| 001 | 0217530 | ||
| 005 | 20240827092357.3 | ||
| 041 | 0 | |a slo | |
| 044 | |a SK | ||
| 245 | 1 | 0 | |a Hospodárska kríza a jej vplyv na vybrané odvetvia niektorej z krajín V4 a SR |b diplomová práca |c Lenka Tomášová ; školiteľ: Rozália Pétrová |
| 264 | 1 | |a Košice |c 2016 | |
| 300 | |a 86 s. | ||
| 100 | 1 | |a Tomášová, Lenka | |
| 700 | 1 | |a Pétrová, Rozália | |
| 710 | 2 | |a Podnikovohospodárska fakulta EU so sídlom v Košiciach. Katedra ekonómie | |